LEADER 01271nam 2200349 450 001 990000953150203316 035 $a0095315 035 $aUSA010095315 035 $a(ALEPH)000095315USA01 035 $a0095315 100 $a20020208d1989----km-y0itay0103----ba 101 $aita 102 $aIT 105 $a||||||||001yy 200 1 $a<> educazione scientifica nella scuola di base$emateriali della 1. Settimana pedagogica nocerina$eNocera Inferiore, 18-22 aprile 1988 210 $d1989 215 $a263 p, 8 c. di tav.$cill.$d24 cm 300 $aIn testa al front.: CIDI, Nocera; Regione Campania, Servizio istruzione e cultura, Centro servizi culturali, Nocera neriore ; Istituto Magstrale A. Galizia, Nocera Inferiore 410 $12001 606 0 $aScienze$xInsegnamento$xScuola elementare 676 $a372.35044 710 12$aSettimana pedagogica nocerina <1. ; 1988 ; Nocera Inferiore>$0552525 801 0$aIT$bsalbc$gISBD 912 $a990000953150203316 951 $aIX A 542$b115303 LM$cIX A 959 $aBK 969 $aUMA 979 $aPATTY$b90$c20020208$lUSA01$h1411 979 $c20020403$lUSA01$h1738 979 $aPATRY$b90$c20040406$lUSA01$h1706 996 $aEducazione scientifica nella scuola di base$9973326 997 $aUNISA LEADER 00948nam0-2200325---450- 001 990009638050403321 005 20121024104404.0 010 $a978-88-498-1976-2 035 $a000963805 035 $aFED01000963805 035 $a(Aleph)000963805FED01 035 $a000963805 100 $a20121024d2010----km-y0itay50------ba 101 0 $aita 102 $aIT 105 $ay-------001yy 200 1 $a<>partito dei cattolici$edall'Italia degasperiana alle correnti democristiane$fVera Capperucci 210 $aSoveria Mannelli$cRubbettino$d2010 215 $a709 p.$d23 cm. 225 1 $aSaggi$v233 610 0 $aDemocrazia cristiana$aStoria 676 $a324.2450822$v22$zita 700 1$aCapperucci,$bVera$0517989 801 0$aIT$bUNINA$gREICAT$2UNIMARC 901 $aBK 912 $a990009638050403321 952 $aCollez. 2075 (233)$b49799$fFSPBC 959 $aFSPBC 996 $aPartito dei cattolici$9848166 997 $aUNINA LEADER 01163nam0 22003011i 450 001 SUN0046274 005 20100604120000.0 010 $a88-15-07657-3 020 $aIT$b2001 10913 100 $a20060612d2000 |0itac50 ba 101 $aita 102 $aIT 105 $a|||| ||||| 200 1 $aPsicologia delle differenze di genere$fVivien Burr$gtrad. di Giovanni Guido Stella 205 $aEd. it. a cura di Nicoletta Cavazza 210 $aBologna$cIl mulino$d2000 215 $a186 p.$d21 cm. 410 1$1001SUN0003918$12001 $aUniversale paperbacks Il mulino$v381$1210 $aBologna$cIl mulino. 620 $dBologna$3SUNL000003 676 $a155.33$v21 700 1$aBurr$b, Vivien$3SUNV037004$0495485 712 $aIl mulino$3SUNV000011$4650 801 $aIT$bSOL$c20181109$gRICA 912 $aSUN0046274 950 $aUFFICIO DI BIBLIOTECA DEL DIPARTIMENTO DI PSICOLOGIA$d16 CONS 3108 $e16 VS 366 995 $aUFFICIO DI BIBLIOTECA DEL DIPARTIMENTO DI PSICOLOGIA$bIT-CE0119$gVS$h366$kCONS 3108$oc$qa 996 $aGender and social psychology$927085 997 $aUNICAMPANIA LEADER 01182nam0 22002893i 450 001 SUN0102029 005 20150630092652.300 010 $a978-88-634-2558-1$d0.00 100 $a20150630d2013 |0itac50 ba 101 $aita 102 $aIT 105 $a|||| ||||| 200 1 $a*Democrazia$estoria e crisi di una forma politica$fFrancesco Bilancia ... [et al.] 210 $aNapoli$cEditoriale scientifica$d2013 215 $a240 p.$d22 cm. 410 1$1001SUN0102030$12001 $a*Progetto polis$1210 $aNapoli$cEditoriale scientifica. 606 $aDemocrazia$xStoria$2SG$3SUNC030924 620 $dNapoli$3SUNL000005 676 $a320.01$cScienza politica. Filosofia e teoria$v21 702 1$aBilancia$b, Francesco$3SUNV005692 712 $aEditoriale scientifica$3SUNV000091$4650 801 $aIT$bSOL$c20181109$gRICA 912 $aSUN0102029 950 $aUFFICIO DI BIBLIOTECA DEL DIPARTIMENTO DI GIURISPRUDENZA$d00 CONS VIII.Ea.190 $e00 DG 3274 995 $aUFFICIO DI BIBLIOTECA DEL DIPARTIMENTO DI GIURISPRUDENZA$gDG$h3274$kCONS VIII.Ea.190$op$qa 996 $aDemokratie$958298 997 $aUNICAMPANIA LEADER 01353nam2-2200397li-450 001 990000199050203316 005 20180312154710.0 010 $a0-8018-4425-8 035 $a0019905 035 $aUSA010019905 035 $a(ALEPH)000019905USA01 035 $a0019905 100 $a2001993111992-------y0itay0103----ba 101 0 $aeng 102 $aUS 200 1 $aCombinatorics and partially ordered sets$edimension theory$fWilliam T. Trotter 210 $aBaltimore$cJohns Hopkins University Press$dcopyr. 1992 215 $aXIV, 307 p.$cill.$d23 cm 225 2 $aJohns Hopkins series in the mathematical sciences$v0 410 0$10010019904$12001$aJohns Hopkins series in the mathematical sciences 610 1 $aanalisi combinatoria 610 1 $ainsiemi parzialmente ordinati 676 $a5116$9Analisi combinatoria 700 1$aTrotter,$bWilliam T.$0746847 801 $aSistema bibliotecario di Ateneo dell' Universitą di Salerno$gRICA 912 $a990000199050203316 951 $a511.6 TRO$b15370/CBS$c511.6$d00218845 959 $aBK 969 $aSCI 979 $c19931130 979 $c20001110$lUSA01$h1713 979 $c20020403$lUSA01$h1627 979 $aPATRY$b90$c20040406$lUSA01$h1614 979 $aRSIAV6$b90$c20090430$lUSA01$h1020 996 $aCombinatorics and partially ordered sets$91491189 997 $aUNISA LEADER 01004nam a2200289 i 4500 001 991000821359707536 005 20020506124750.0 008 960310s1970 uk ||| | eng 035 $ab10134323-39ule_inst 035 $aLE00637409$9ExL 040 $aDip.to Fisica$bita 084 $a01 084 $a52.9.5(08) 084 $aZ5151 100 1 $aKemp, D.$0461158 245 10$aAstronomy and astrophysics :$ba bibliographical guide /$cD. Kemp 260 $aLondon :$bMacDonald Technical and Scientific,$c1970 300 $axxiii, 584 p. ;$c26 cm. 440 4$aThe MacDonald bibliographical guides 650 4$aAstronomy$xBibliography 650 4$aAstrophysics$xBibliography 907 $a.b10134323$b26-03-07$c27-06-02 912 $a991000821359707536 945 $aLE006 52.9.5 KEM$g1$i2006000026307$lle006$o-$pE0.00$q-$rl$s- $t0$u0$v0$w0$x0$y.i10158108$z27-06-02 996 $aAstronomy and astrophysics$9185404 997 $aUNISALENTO 998 $ale006$b01-01-96$cm$da $e-$feng$guk $h0$i1 LEADER 01144nam 2200385 450 001 9910164221203321 005 20230809222725.0 010 $a1-4988-1478-6 035 $a(CKB)3710000001057468 035 $a(MiAaPQ)EBC4802728 035 $a(EXLCZ)993710000001057468 100 $a20170303h20172017 uy 0 101 0 $aeng 135 $aurcnu|||||||| 181 $2rdacontent 182 $2rdamedia 183 $2rdacarrier 200 10$aInfectious diseases of Taiwan /$fStephen Berger 205 $a2017 edition. 210 1$aLos Angeles, California :$cGIDEON Informatics Inc.,$d2017. 210 4$d©2017 215 $a1 online resource (379 pages) $cillustrations (some color) 225 1 $aGideon E-Book Series 410 0$aGideon e-book series. 606 $aCommunicable diseases$xStatistics$vHandbooks, manuals, etc 615 0$aCommunicable diseases$xStatistics 676 $a614.0727 700 $aBerger$b Stephen$01210032 801 0$bMiAaPQ 801 1$bMiAaPQ 801 2$bMiAaPQ 906 $aBOOK 912 $a9910164221203321 996 $aInfectious diseases of Taiwan$93414353 997 $aUNINA LEADER 01802oam 2200505 450 001 9910706531503321 005 20180611091739.0 035 $a(CKB)5470000002457134 035 $a(OCoLC)1014329736 035 $a(EXLCZ)995470000002457134 100 $a20171208d2017 ua 0 101 0 $aeng 135 $aurbn||||a|||| 181 $ctxt$2rdacontent 182 $cc$2rdamedia 183 $acr$2rdacarrier 200 10$aBurma's brutal campaign against the Rohingya $ehearing before the Subcommittee on Asia and the Pacific of the Committee on Foreign Affairs, House of Representatives, One Hundred Fifteenth Congress, first session, September 27, 2017 210 1$aWashington :$cU.S. Government Publishing Office,$d2017. 215 $a1 online resource (iii, 63 pages) $cmaps 300 $aPrint version available for sale by the Superintendent of Documents, U.S. Government Publishing Office. 300 $a"Serial No. 115-72." 320 $aIncludes bibliographical references. 517 $aBurma's brutal campaign against the Rohingya 606 $aRohingya (Burmese people) 606 $aHumanitarian assistance, American$zBurma 606 $aHuman rights$zBurma 606 $aDemocracy$zBurma 607 $aBurma$xForeign relations$zUnited States 607 $aUnited States$xForeign relations$zBurma 608 $aLegislative hearings.$2lcgft 615 0$aRohingya (Burmese people) 615 0$aHumanitarian assistance, American 615 0$aHuman rights 615 0$aDemocracy 801 0$bGPO 801 1$bGPO 801 2$bGPO 801 2$bOCLCF 801 2$bMERUC 801 2$bLWA 801 2$bGPO 906 $aBOOK 912 $a9910706531503321 996 $aBurma's brutal campaign against the Rohingya$93444899 997 $aUNINA LEADER 01752oam 2200517I 450 001 9910711862403321 005 20190204081914.0 035 $a(CKB)5470000002487457 035 $a(OCoLC)1046653867 035 $a(OCoLC)995470000002487457 035 $a(EXLCZ)995470000002487457 100 $a20180730d1959 ua 0 101 0 $aeng 135 $aur||||||||||| 181 $ctxt$2rdacontent 182 $cc$2rdamedia 183 $acr$2rdacarrier 200 10$aCompilation of records of surface waters of the United States through September 1950$hPart 5$iHudson Bay and Upper Mississippi River Basins /$fprepared under the direction of J.V.B. Wells 210 1$a[Washington, D.C.] :$cUnited States Department of the Interior, Geological Survey,$d1959. 215 $a1 online resource (v, 708 pages) $cillustrations, map 300 $aIncludes index. 606 $aWater quality$zHudson Bay 606 $aWater quality$zMississippi River Watershed 606 $aWater-supply$zHudson Bay 606 $aWater-supply$zMississippi River Watershed 606 $aWater quality$2fast 606 $aWater-supply$2fast 607 $aHudson Bay$2fast 607 $aMississippi River Watershed$2fast 615 0$aWater quality 615 0$aWater quality 615 0$aWater-supply 615 0$aWater-supply 615 7$aWater quality. 615 7$aWater-supply. 700 $aWells$b J. V. B.$01385991 712 02$aGeological Survey (U.S.), 801 0$bCOP 801 1$bCOP 801 2$bOCLCO 801 2$bOCLCF 801 2$bGPO 906 $aBOOK 912 $a9910711862403321 996 $aCompilation of records of surface waters of the United States through September 1950$93446974 997 $aUNINA LEADER 04986nam 2200625 a 450 001 9911019822103321 005 20251116154113.0 010 $a9786612112515 010 $a9781282112513 010 $a1282112511 010 $a9780470773215 010 $a0470773219 010 $a9780470319772 010 $a0470319771 035 $a(CKB)1000000000687945 035 $a(EBL)470787 035 $a(SSID)ssj0000354295 035 $a(PQKBManifestationID)11245284 035 $a(PQKBTitleCode)TC0000354295 035 $a(PQKBWorkID)10314464 035 $a(PQKB)10242909 035 $a(MiAaPQ)EBC470787 035 $a(OCoLC)232611450 035 $a(Perlego)2784138 035 $a(EXLCZ)991000000000687945 100 $a20071210d2008 uy 0 101 0 $aeng 135 $aur|n|---||||| 181 $ctxt 182 $cc 183 $acr 200 04$aThe handbook of knowledge-based policing $ecurrent conceptions and future directions /$fedited by Tom Williamson 210 $aChichester, England ;$aHoboken, NJ $cJohn Wiley & Sons$dc2008 215 $a1 online resource (449 p.) 300 $aDescription based upon print version of record. 311 08$a9780470028995 311 08$a0470028998 320 $aIncludes bibliographical references and index. 327 $aIntroduction to the handbook -- Introductory essay : the role of knowledge and networks in policing / Jean Paul Brodeur and Benoit Dupont -- Current conceptions of community policing -- Introduction to part 1 -- An overview of community policing : origins, concepts and implementation / Wesley G. Skogan -- Community policing in the Netherlands : four generations of redefinition / Maurice Punch, Bob Hoogenboom and Kees van der Vijver -- The failure of "Ilotage" and "Police de Proximite" systems to withstand "law and order" rhetoric in contemporary France / Christian Mouhanna -- The development of community policing in England : networks, knowledge and neighbourhoods / Nick Tilley -- Community policing in contested settings : the patten report and police reform in Northern Ireland / Aogan Mulcahy -- In search of a process : community policing in Australia / Jenny Fleming and Juani O'Reilly -- Current developments affecting the Japanese Koban system of community policing / Noriaki Kawamura and Yasuhiro Shirakawa -- Japanese community policing under the microscope / Tom Ellis, Chris Lewis, Koichi Hamai and Tom Williamson -- Knowledge-based policing : future directions -- Introduction to part 2 -- Knowledge management challenges in the development of intelligence-led policing / Jerry Ratcliffe -- A cross-cultural comparison of intelligence-led policing / Frederic Lemieux -- Reassurance policing, community intelligence and the co-production of neighbourhood order / Martin Innes and Colin Roberts -- Generating youth safety from below : situating young people at the centre of knowledge-based policing / Monique Marks and Jennifer Wood -- Identifying the neighbourhoods in neighbourhood policing : a geodemographic example of knowledge-based policing / David Ashby and Dr Foster -- Community policing and prediction / Nick Ross and Ken Pease -- Rethinking governance : conceptualizing networks and their implications for new mechanisms of governance based on reciprocity / Karen Stephenson -- Prioritizing crime problems in Belgium, according to strategic police planning : developing the national police security picture for Belgium by means of a multi-criteria decision-making model / Martine Pattyn and Paul Wouters -- Engaging communities and regulating partnerships -- Introduction to part 3 -- Neighbourhood policing and community engagement : police community support officers in the London Metropolitan Police / Les Johnston -- Integrated security : assembling knowledges and capacities / Julie Berg and Clifford Shearing. 330 $aRecent trends within community policing suggest that the next generation of community policing will be more ""knowledge-based"", involving a shift toward a problem-oriented and strategic use of information as a basis for management and better use of police resources. The Handbook of Knowledge-Based Policing examines how knowledge-based policing can improve the effectiveness, equity and efficiency of community policing. With contributions from a mix of academics and practitioners, this volume: Critically evaluates the effectiveness of community policing in seven countries.